Sustainability, the environment and urbanization

Gardado en:
Detalles Bibliográficos
Formato: Sách
Idioma:Undetermined
Publicado:  Earthscan  1996
Những chủ đề:
Các nhãn: Engadir etiqueta
Sen Etiquetas, Sexa o primeiro en etiquetar este rexistro!
Thư viện lưu trữ: Trung tâm Thư viện - Trường Đại học Công nghiệp TP. Hồ Chí Minh
LEADER 00491nam a2200133Ia 4500
001 UIH_03214
008 231011s9999 xx 000 0 und d
082 |a  307.1416 
245 0 |a  Sustainability, the environment and urbanization 
260 |b  Earthscan 
260 |c  1996 
650 |a  Đô thị hóa; Chính sách môi trường; Phát triển bền vững;  
927 |a Sách 
980 |a Trung tâm Thư viện - Trường Đại học Công nghiệp TP. Hồ Chí Minh